[Event "MNT-chT"]
[Site "Niksic"]
[Date "2018.08.13"]
[Round "7.1"]
[White "Prijovic, Bojan"]
[Black "Cabarkapa, Novak"]
[Result "0-1"]
[WhiteElo "2007"]
[BlackElo "2451"]
[PlyCount "68"]
[EventDate "2018.08.07"]
[EventType "team-tourn"]
[EventRounds "9"]
[EventCountry "MNE"]
[SourceTitle "CBM 186 Extra"]
[Source "ChessBase"]
[SourceDate "2018.08.24"]
[SourceVersion "1"]
[SourceVersionDate "2018.08.24"]
[SourceQuality "1"]
[WhiteTeam "Mladost"]
[BlackTeam "Kotor"]
[WhiteTeamCountry "MNE"]
[BlackTeamCountry "MNE"]

1. e4 e6 2. d4 d5 3. Nc3 Nf6 4. Bg5 dxe4 5. Nxe4 Be7 6. Nxf6+ Bxf6 7. Bxf6 Qxf6 8. Nf3 0-0 9. Bd3 c5 10. 0-0 h6 11. Re1 Nc6 12. dxc5 Qxb2 13. Qe2 Rb8 14. Qe4 f5 15. Qe3 b6 16. Rab1 Qc3 17. Rb3 Qxc5 18. Qxc5 bxc5 19. Rc3 Nb4 20. Bc4 Rd8 21. Ne5 Nd5 22. Nc6 Nxc3 23. Nxd8 Rb4 24. Bxe6+ Bxe6 25. Nxe6 Nxa2 26. g3 Rc4 27. Re5 Rxc2 28. Nxc5 f4 29. gxf4 Nc3 30. Kg2 a5 31. Re7 Nd5 32. Re8+ Kf7 33. Rc8 a4 34. Kf3 a3 0-1

[Event "MNT-chT"]
[Site "Niksic"]
[Date "2018.08.08"]
[Round "2.3"]
[White "Prijovic, Bojan"]
[Black "Tomic, Goran"]
[Result "1/2-1/2"]
[WhiteElo "2007"]
[BlackElo "2232"]
[PlyCount "61"]
[EventDate "2018.08.07"]
[EventType "team-tourn"]
[EventRounds "9"]
[EventCountry "MNE"]
[SourceTitle "CBM 186 Extra"]
[Source "ChessBase"]
[SourceDate "2018.08.24"]
[SourceVersion "1"]
[SourceVersionDate "2018.08.24"]
[SourceQuality "1"]
[WhiteTeam "Mladost"]
[BlackTeam "Mimoza"]
[WhiteTeamCountry "MNE"]
[BlackTeamCountry "MNE"]

1. e4 d6 2. d4 g6 3. c3 Nf6 4. Bd3 Bg7 5. Nf3 0-0 6. 0-0 Nc6 7. Bg5 h6 8. Bh4 e5 9. Nbd2 g5 10. d5 Ne7 11. Bg3 Ng6 12. Re1 Nh7 13. Nf1 h5 14. h3 h4 15. Bh2 Nf4 16. Ne3 Kh8 17. Bf1 Rg8 18. Ng4 f5 19. exf5 Bxf5 20. Bxf4 gxf4 21. Bd3 Bxg4 22. hxg4 Bh6 23. Bxh7 Kxh7 24. Qd3+ Kh8 25. Qf5 Bg5 26. Rad1 Qf6 27. Qxf6+ Bxf6 28. Nh2 Rg7 29. Nf1 Rf7 30. f3 Raf8 31. Re4 1/2-1/2

[Event "MNT-chT1"]
[Site "Bar"]
[Date "2015.10.03"]
[Round "8"]
[White "Nikac, Predrag"]
[Black "Prijovic, Bojan"]
[Result "1-0"]
[WhiteElo "2249"]
[BlackElo "2016"]
[PlyCount "79"]
[EventDate "2015.09.26"]
[EventType "team-tourn"]
[EventRounds "9"]
[EventCountry "MNE"]
[SourceTitle "EXT 2017"]
[Source "ChessBase"]
[SourceDate "2016.10.25"]
[SourceVersion "1"]
[SourceVersionDate "2016.10.25"]
[SourceQuality "1"]

1. e4 e5 2. Bc4 Nf6 3. d3 Nc6 4. Nf3 Be7 5. 0-0 0-0 6. Re1 d6 7. a4 Bg4 8. h3 Bh5 9. Nbd2 Na5 10. Ba2 c5 11. Nf1 Qd7 12. Ng3 Bg6 13. Nh4 Rfe8 14. Nhf5 Bd8 15. Qf3 Nc6 16. c3 a6 17. Be3 Rb8 18. h4 h5 19. Bg5 Ng4 20. Ne3 Bxg5 21. hxg5 Nd8 22. Nxg4 hxg4 23. Qe2 b5 24. Bb3 b4 25. Bd1 Ne6 26. Qxg4 Qd8 27. Nf5 Rb6 28. a5 Rb8 29. Ba4 Rf8 30. Nh4 Qxg5 31. Qxg5 Nxg5 32. Nxg6 fxg6 33. Bb3+ Kh7 34. Bc4 Ra8 35. cxb4 cxb4 36. Ra4 Rfb8 37. f4 exf4 38. Kf2 Kh8 39. Rh1+ Nh7 40. Bf7 1-0

[Event "Belgrade Trophy 28th"]
[Site "Belgrade"]
[Date "2014.11.24"]
[Round "1"]
[White "Prijovic, Bojan"]
[Black "Govedarica, Radovan"]
[Result "0-1"]
[WhiteElo "2014"]
[BlackElo "2394"]
[PlyCount "54"]
[EventDate "2014.11.24"]
[EventType "swiss"]
[EventRounds "9"]
[EventCountry "SRB"]
[SourceTitle "CBM 163 Extra"]
[Source "ChessBase"]
[SourceDate "2014.12.23"]
[SourceVersion "1"]
[SourceVersionDate "2014.12.23"]
[SourceQuality "1"]

1. e4 c5 2. Nf3 Nc6 3. d4 cxd4 4. Nxd4 Nf6 5. Nc3 d6 6. Be2 g6 7. Be3 Bg7 8. 0-0 0-0 9. Qd2 Bd7 10. f3 Nxd4 11. Bxd4 Bc6 12. Rfd1 Nd7 13. Bxg7 Kxg7 14. Kh1 a5 15. a4 Qb6 16. Nb5 Bxb5 17. Bxb5 Nf6 18. c3 Qc7 19. Qe3 b6 20. Rd2 Qc5 21. Re1 Qxe3 22. Rxe3 Rfc8 23. g3 Rc5 24. Kg1 Rac8 25. Rde2 Kf8 26. Rd3 Ne8 27. Bxe8 Kxe8 0-1

[Event "MNT-chT"]
[Site "Ulcinj"]
[Date "2014.09.20"]
[Round "1.5"]
[White "Cerovic, Vukoman"]
[Black "Prijovic, Bojan"]
[Result "0-1"]
[WhiteElo "1992"]
[BlackElo "2002"]
[PlyCount "108"]
[EventDate "2014.09.20"]
[EventType "team-tourn"]
[EventRounds "9"]
[EventCountry "MNE"]
[SourceTitle "CBM 162 Extra"]
[Source "ChessBase"]
[SourceDate "2014.10.17"]
[SourceVersion "1"]
[SourceVersionDate "2014.10.17"]
[SourceQuality "1"]
[WhiteTeam "Herceg Novi"]
[BlackTeam "Mladost"]
[WhiteTeamCountry "MNE"]
[BlackTeamCountry "MNE"]

1. e4 c6 2. d4 d5 3. Nc3 dxe4 4. Nxe4 Bf5 5. Ng3 Bg6 6. h4 h6 7. h5 Bh7 8. Bd3 Bxd3 9. Qxd3 e6 10. Nf3 Nf6 11. Bd2 Nbd7 12. Qe2 Be7 13. Ne5 0-0 14. 0-0-0 Qc7 15. Rh4 Rad8 16. c4 c5 17. Nxd7 Rxd7 18. Bf4 Qa5 19. Kb1 cxd4 20. Be5 d3 21. Qe1 Qxe1 22. Rxe1 Rfd8 23. Rd1 Ne8 24. Rh3 Bf6 25. Bxf6 Nxf6 26. Rd2 Rd4 27. b3 Ng4 28. Kc1 f5 29. Nf1 f4 30. Nh2 Nxh2 31. Rxh2 Kf7 32. Rh4 e5 33. Rg4 Kf6 34. Rg6+ Kf5 35. f3 R8d7 36. Kb2 R4d6 37. g4+ fxg3 38. Rxg3 Kf4 39. Rh3 a5 40. a4 b6 41. Kc1 g5 42. hxg6 Rxg6 43. Rd1 Rg3 44. Rxg3 Kxg3 45. Kd2 Kxf3 46. Rf1+ Ke4 47. Rf6 Kd4 48. Rxb6 e4 49. Re6 Rg7 50. Rd6+ Ke5 51. Rxh6 Rg2+ 52. Kc1 e3 53. Rh1 Kd4 54. c5 Rc2+ 0-1

[Event "MNT-chT1"]
[Site "Cetinje"]
[Date "2013.09.20"]
[Round "7"]
[White "Krstonijevic, Stjepan"]
[Black "Prijovic, Bojan"]
[Result "1/2-1/2"]
[WhiteElo "2061"]
[BlackElo "2018"]
[PlyCount "22"]
[EventDate "2013.08.30"]
[EventType "team-tourn"]
[EventRounds "9"]
[EventCountry "MNE"]
[SourceTitle "CBM 156 Extra"]
[Source "ChessBase"]
[SourceDate "2013.10.22"]
[SourceVersion "1"]
[SourceVersionDate "2013.10.22"]
[SourceQuality "1"]

1. e4 c6 2. d4 d5 3. Nc3 dxe4 4. Nxe4 Bf5 5. Ng3 Bg6 6. h4 h6 7. N1e2 Nf6 8. Nf4 Bh7 9. Bc4 e6 10. 0-0 Nd5 11. Qh5 Nf6 1/2-1/2

[Event "MNT-ch 65th"]
[Site "Cetinje"]
[Date "2013.07.26"]
[Round "7"]
[White "Tomic, Aleksandar Lj"]
[Black "Prijovic, Bojan"]
[Result "1-0"]
[WhiteElo "1970"]
[BlackElo "2034"]
[PlyCount "75"]
[EventDate "2013.07.20"]
[EventType "swiss"]
[EventRounds "9"]
[EventCountry "MNE"]
[SourceTitle "CBM 155 Extra"]
[Source "ChessBase"]
[SourceDate "2013.08.26"]
[SourceVersion "1"]
[SourceVersionDate "2013.08.26"]
[SourceQuality "1"]

1. Nf3 d5 2. g3 Nf6 3. Bg2 c6 4. 0-0 Bf5 5. d3 e6 6. Nbd2 Be7 7. Qe1 Nbd7 8. e4 dxe4 9. dxe4 Bg6 10. Qe2 Nb6 11. Ne5 Qd4 12. Nxg6 hxg6 13. c3 Qc5 14. a4 Qh5 15. Qxh5 Rxh5 16. a5 Nbd7 17. a6 b6 18. Nc4 e5 19. b4 Rd8 20. Rd1 Nb8 21. Rxd8+ Bxd8 22. Bf3 Bc7 23. Bxh5 gxh5 24. f3 Nbd7 25. Be3 Ke7 26. Bg5 Ke6 27. b5 cxb5 28. Na3 Nc5 29. Nxb5 Bb8 30. Bxf6 Kxf6 31. Rd1 Ke7 32. Kg2 g6 33. Kh3 g5 34. c4 f6 35. Ra1 Nb3 36. Ra3 Nc5 37. Nc3 Ke6 38. Nd5 1-0

[Event "MNT-ch 65th"]
[Site "Cetinje"]
[Date "2013.07.24"]
[Round "5"]
[White "Djokovic, Mirsad"]
[Black "Prijovic, Bojan"]
[Result "1-0"]
[WhiteElo "2106"]
[BlackElo "2034"]
[PlyCount "47"]
[EventDate "2013.07.20"]
[EventType "swiss"]
[EventRounds "9"]
[EventCountry "MNE"]
[SourceTitle "CBM 155 Extra"]
[Source "ChessBase"]
[SourceDate "2013.08.26"]
[SourceVersion "1"]
[SourceVersionDate "2013.08.26"]
[SourceQuality "1"]

1. f4 d5 2. Nf3 c5 3. e3 Nc6 4. Bb5 a6 5. Bxc6+ bxc6 6. b3 f6 7. Nc3 e6 8. Ba3 Bd6 9. Na4 Qe7 10. 0-0 Nh6 11. Ne5 fxe5 12. fxe5 Bxe5 13. Qh5+ Nf7 14. Bxc5 Qc7 15. Rxf7 Qxf7 16. Qxe5 Qf6 17. Qh5+ g6 18. Qd1 e5 19. Qe2 Bb7 20. Rf1 Qe6 21. Nb6 Rd8 22. Qf2 Qf5 23. Qh4 Qe6 24. Rf6 1-0

[Event "MNT-ch 65th"]
[Site "Cetinje"]
[Date "2013.07.20"]
[Round "1"]
[White "Drasko, Milan"]
[Black "Prijovic, Bojan"]
[Result "1-0"]
[WhiteElo "2458"]
[BlackElo "2034"]
[PlyCount "69"]
[EventDate "2013.07.20"]
[EventType "swiss"]
[EventRounds "9"]
[EventCountry "MNE"]
[SourceTitle "CBM 155 Extra"]
[Source "ChessBase"]
[SourceDate "2013.08.26"]
[SourceVersion "1"]
[SourceVersionDate "2013.08.26"]
[SourceQuality "1"]

1. Nf3 d5 2. g3 Nf6 3. Bg2 g6 4. d4 Bg7 5. 0-0 0-0 6. c4 c6 7. b3 Nbd7 8. Bb2 Re8 9. e3 e6 10. Nc3 b6 11. Nd2 Bb7 12. Rc1 Rc8 13. Qc2 Ba8 14. Rfd1 Qe7 15. Qb1 Red8 16. a4 Qe8 17. a5 Rb8 18. Qa1 b5 19. cxb5 cxb5 20. Na2 Rbc8 21. Nb4 Nb8 22. Nf3 Nfd7 23. Ne1 Bf8 24. Ned3 Be7 25. a6 Rxc1 26. Rxc1 Rc8 27. Qa5 Rxc1+ 28. Bxc1 Nb6 29. Bd2 Bd8 30. Qa1 Be7 31. Bf1 Qc8 32. Qa5 Bc6 33. Nxc6 Qxc6 34. Nb4 Na8 35. Nxc6 1-0

[Event "Cetinje Batricevic Memorial op"]
[Site "Cetinje"]
[Date "2012.10.25"]
[Round "7"]
[White "Prijovic, Bojan"]
[Black "Dabetic, Radojica"]
[Result "1/2-1/2"]
[WhiteElo "2019"]
[BlackElo "2288"]
[PlyCount "112"]
[EventDate "2012.10.20"]
[EventType "swiss"]
[EventRounds "9"]
[EventCountry "MNE"]
[SourceTitle "EXT 2013"]
[Source "ChessBase"]
[SourceDate "2012.11.22"]
[SourceVersion "1"]
[SourceVersionDate "2012.11.22"]
[SourceQuality "1"]

1. e4 c5 2. Nf3 d6 3. d4 cxd4 4. Nxd4 Nf6 5. Nc3 Nc6 6. Be2 g6 7. Be3 Bg7 8. g4 d5 9. Nxc6 bxc6 10. e5 Nd7 11. f4 Rb8 12. Na4 Qa5+ 13. c3 c5 14. 0-0 Bb7 15. Nxc5 Nxc5 16. b4 Qc7 17. Bxc5 Bc6 18. Bf3 0-0 19. Qd2 Rfd8 20. Bd4 Bb5 21. Rfe1 e6 22. a4 Bc4 23. Qe3 Rb7 24. Reb1 a6 25. Be2 Qc6 26. Kf2 Bf8 27. Bd3 Bh6 28. g5 Bf8 29. Qe2 Bxd3 30. Qxd3 Rdb8 31. h4 Rc7 32. b5 axb5 33. axb5 Qe8 34. b6 Rc4 35. Ra5 Qc6 36. Rab5 Rb7 37. Qe3 Ra4 38. Qd3 Rc4 39. Ra5 Bc5 40. Rxc5 Rxc5 41. Bxc5 Qxc5+ 42. Qd4 Qa3 43. Rb4 Qa2+ 44. Ke1 Kg7 45. Kd1 Qg2 46. Kc1 Qe2 47. Qc5 Qe1+ 48. Kb2 Qd2+ 49. Ka3 Qd1 50. Kb2 Qd2+ 51. Ka1 Qd1+ 52. Rb1 Qa4+ 53. Kb2 Qa6 54. Kc2 Qe2+ 55. Kb3 Qa6 56. Kc2 Qe2+ 1/2-1/2

[Event "Cetinje Batricevic Memorial op"]
[Site "Cetinje"]
[Date "2012.10.23"]
[Round "5"]
[White "Prijovic, Bojan"]
[Black "Ashiku, Franc"]
[Result "1-0"]
[WhiteElo "2019"]
[BlackElo "2209"]
[PlyCount "133"]
[EventDate "2012.10.20"]
[EventType "swiss"]
[EventRounds "9"]
[EventCountry "MNE"]
[SourceTitle "EXT 2013"]
[Source "ChessBase"]
[SourceDate "2012.11.22"]
[SourceVersion "1"]
[SourceVersionDate "2012.11.22"]
[SourceQuality "1"]

1. e4 e5 2. Nf3 Nc6 3. d4 exd4 4. Nxd4 Nf6 5. Nc3 Bb4 6. Nxc6 bxc6 7. Bd3 0-0 8. 0-0 d5 9. exd5 cxd5 10. Bg5 c6 11. Qf3 Be7 12. h3 Be6 13. Rfe1 h6 14. Bf4 Re8 15. Ne2 c5 16. Bb5 Bd7 17. Bxd7 Qxd7 18. Ng3 Rac8 19. Re2 Rc6 20. Rae1 Bd8 21. Rxe8+ Nxe8 22. Rd1 d4 23. c3 Bb6 24. cxd4 cxd4 25. Qd3 Re6 26. Nf5 Qa4 27. a3 Nf6 28. Rc1 Nd5 29. Rc8+ Re8 30. Qg3 g6 31. Nxh6+ Kh7 32. Rxe8 Qxe8 33. Ng4 Qe1+ 34. Kh2 Nxf4 35. Qxf4 Qe6 36. g3 f5 37. Qe5 Qf7 38. Nf6+ Kh6 39. Nd5 d3 40. Nxb6 axb6 41. Qe3+ f4 42. Qxd3 fxg3+ 43. Qxg3 Qf6 44. b3 Kg7 45. a4 Kf7 46. Kg2 Ke6 47. Qf3 Qd8 48. b4 Ke5 49. Qg3+ Kd4 50. Qxg6 Qd5+ 51. Kh2 Kc3 52. Qg4 Kd2 53. f4 Kc3 54. f5 Qa2+ 55. Kg3 Qxa4 56. f6 Qa1 57. Kh4 Kb3 58. Kg5 Qe5+ 59. Kg6 Qe8+ 60. f7 Qf8 61. h4 Ka4 62. h5 b5 63. h6 Qd6+ 64. Kg7 Qe5+ 65. Kg8 Qb8+ 66. f8Q Qg3 67. Qa8+ 1-0

[Event "Cetinje Batricevic Memorial op"]
[Site "Cetinje"]
[Date "2012.10.21"]
[Round "3"]
[White "Prijovic, Bojan"]
[Black "Nikac, Predrag"]
[Result "0-1"]
[WhiteElo "2019"]
[BlackElo "2336"]
[PlyCount "104"]
[EventDate "2012.10.20"]
[EventType "swiss"]
[EventRounds "9"]
[EventCountry "MNE"]
[SourceTitle "EXT 2013"]
[Source "ChessBase"]
[SourceDate "2012.11.22"]
[SourceVersion "1"]
[SourceVersionDate "2012.11.22"]
[SourceQuality "1"]

1. e4 c5 2. Nf3 Nc6 3. d4 cxd4 4. Nxd4 e5 5. Nb3 Nf6 6. Nc3 a5 7. a4 Be7 8. Bc4 0-0 9. 0-0 d6 10. f3 Be6 11. Nd5 Bxd5 12. Bxd5 Nb4 13. Be3 Nbxd5 14. exd5 Qc7 15. Qd3 Rfc8 16. c3 Qc4 17. Qxc4 Rxc4 18. Rfd1 Nd7 19. Nd2 Rcc8 20. c4 f5 21. b3 Nc5 22. Bxc5 Rxc5 23. Nb1 Bd8 24. Na3 Bb6 25. Kf1 Rc7 26. Nb5 Rd7 27. Ra2 g5 28. Re2 Bc5 29. g3 Rg7 30. Kg2 h5 31. h3 Rf8 32. Rf1 Kh7 33. Nc3 Rgf7 34. Nb5 Rg8 35. Nc3 Rg6 36. Nb5 Kg7 37. Nc3 Kf8 38. g4 Rgf6 39. gxf5 Rxf5 40. Re4 Kg7 41. Ne2 Kg6 42. Ng3 Rf4 43. Ne2 R4f6 44. Ng3 Bb4 45. Re2 Rf4 46. Re4 Rxe4 47. fxe4 Rf4 48. Rxf4 exf4 49. Nf5 g4 50. hxg4 hxg4 51. Kf2 Kg5 52. Ne7 f3 0-1

[Event "MNT-chTA"]
[Site "Cetinje"]
[Date "2012.10.07"]
[Round "9"]
[White "Pejovic, Milivoje"]
[Black "Prijovic, Bojan"]
[Result "0-1"]
[WhiteElo "1960"]
[BlackElo "2019"]
[PlyCount "99"]
[EventDate "2012.09.07"]
[EventType "team-tourn"]
[EventRounds "9"]
[EventCountry "MNE"]
[SourceTitle "CBM 150 Extra"]
[Source "ChessBase"]
[SourceDate "2012.10.19"]
[SourceVersion "1"]
[SourceVersionDate "2012.10.19"]
[SourceQuality "1"]

1. d4 d5 2. Nf3 c6 3. b3 Nf6 4. Bb2 Bf5 5. e3 e6 6. Bd3 Bg6 7. Ne5 Nbd7 8. f4 Be7 9. 0-0 0-0 10. Nd2 Rc8 11. Ndf3 c5 12. Nxg6 hxg6 13. c3 a6 14. a4 Nb6 15. a5 Nbd7 16. Ne5 Bd6 17. Rf3 Bc7 18. b4 c4 19. Bc2 Bd6 20. Rh3 b6 21. axb6 Qxb6 22. Nxd7 Nxd7 23. Qg4 Be7 24. Kh1 Ra8 25. Ba4 Rfd8 26. Qf3 Nf6 27. g4 Ne4 28. Bc2 Qb7 29. Bxe4 dxe4 30. Qe2 a5 31. bxa5 Rdb8 32. Bc1 Qb3 33. Qd2 Rb5 34. a6 Rb6 35. f5 Raxa6 36. Rxa6 Rxa6 37. fxg6 fxg6 38. Rg3 Ra2 39. Qe1 Qc2 40. Qg1 Ra1 41. Rg2 Qxc1 42. Qxc1 Rxc1+ 43. Rg1 Rxc3 44. Re1 Bg5 45. Kg2 Bxe3 46. Ra1 Rd3 47. Ra8+ Kf7 48. Ra5 Kf6 49. Rc5 Rxd4 50. Kg3 0-1

[Event "MNT-chTA"]
[Site "Cetinje"]
[Date "2012.10.05"]
[Round "7"]
[White "Prijovic, Bojan"]
[Black "Knezevic, Miodrag"]
[Result "0-1"]
[WhiteElo "2019"]
[BlackElo "1971"]
[PlyCount "84"]
[EventDate "2012.09.07"]
[EventType "team-tourn"]
[EventRounds "9"]
[EventCountry "MNE"]
[SourceTitle "CBM 150 Extra"]
[Source "ChessBase"]
[SourceDate "2012.10.19"]
[SourceVersion "1"]
[SourceVersionDate "2012.10.19"]
[SourceQuality "1"]

1. e4 c5 2. Nf3 d6 3. d4 cxd4 4. Nxd4 Nf6 5. Nc3 a6 6. Be2 Nc6 7. Be3 Qc7 8. Qd2 e6 9. 0-0-0 Be7 10. f3 0-0 11. g4 Nxd4 12. Qxd4 b5 13. a3 Bb7 14. h4 Rfd8 15. g5 Nd7 16. f4 Rac8 17. Rhf1 d5 18. exd5 Bxd5 19. Qd2 Nb6 20. Bxb6 Qxb6 21. Nxd5 Rxd5 22. Bd3 b4 23. axb4 Bxb4 24. Qe2 Ra5 25. c3 g6 26. Bb1 Rb5 27. Bd3 Rbc5 28. Rd2 Qa5 29. Rc2 Qa1+ 30. Kd2 Qa4 31. Qe4 Rd5 32. Ke2 Rxd3 33. Qxd3 Be7 34. Rcc1 Rd8 35. Qc2 Qc4+ 36. Kf3 Rd3+ 37. Kg2 Qe4+ 38. Kh2 Qe3 39. Qg2 Rd2 40. b4 Bd6 41. Qxd2 Qxd2+ 42. Kg3 Bxf4+ 0-1

[Event "MNT-chTA"]
[Site "Cetinje"]
[Date "2012.09.22"]
[Round "5"]
[White "Vujovic, Radoslav"]
[Black "Prijovic, Bojan"]
[Result "0-1"]
[WhiteElo "1998"]
[BlackElo "2019"]
[PlyCount "140"]
[EventDate "2012.09.07"]
[EventType "team-tourn"]
[EventRounds "9"]
[EventCountry "MNE"]
[SourceTitle "CBM 150 Extra"]
[Source "ChessBase"]
[SourceDate "2012.10.19"]
[SourceVersion "1"]
[SourceVersionDate "2012.10.19"]
[SourceQuality "1"]

1. c4 c6 2. Nc3 d5 3. cxd5 cxd5 4. Nf3 Nf6 5. g3 Nc6 6. d4 e6 7. Bg2 Bd6 8. 0-0 0-0 9. Re1 a6 10. e4 dxe4 11. Nxe4 Be7 12. b3 Nb4 13. Bb2 Nbd5 14. Ne5 Bd7 15. Nxd7 Nxd7 16. Rc1 Rc8 17. Qe2 Qb6 18. Nd2 Bb4 19. Nc4 Qd8 20. Red1 N7f6 21. a3 Be7 22. Ne3 Qd7 23. Nc4 Rfd8 24. Ne5 Qe8 25. h3 Bf8 26. Ng4 Nxg4 27. Qxg4 Qd7 28. h4 h6 29. Qe4 Qb5 30. Qf3 Qd7 31. Qe2 Bd6 32. Qh5 Be7 33. Bxd5 Qxd5 34. Qxd5 exd5 35. Kg2 Bf6 36. Kf3 Re8 37. Re1 Red8 38. Ke3 Be7 39. Kd3 Bd6 40. Rxc8 Rxc8 41. Re2 Kf8 42. Re3 g6 43. Rf3 h5 44. Re3 Re8 45. Bc1 Rxe3+ 46. Kxe3 Ke7 47. Kf3 Kf6 48. a4 Kf5 49. Bd2 f6 50. b4 b5 51. axb5 axb5 52. Be1 g5 53. Bd2 Bc7 54. Bc1 Bb6 55. Bb2 Ba7 56. Bc3 gxh4 57. gxh4 Bb8 58. Bd2 Bd6 59. Bc3 Bf4 60. Be1 Bc1 61. Bc3 Ba3 62. Be1 Bb2 63. Ke3 Kg4 64. f3+ Kh3 65. Kf4 Bxd4 66. Kf5 Kg2 67. Kg6 Kxf3 68. Kxh5 Ke2 69. Bg3 Be3 70. Kg4 d4 0-1

[Event "Sarajevo Bosna op-B 42nd"]
[Site "Sarajevo"]
[Date "2012.05.09"]
[Round "7"]
[White "Draganic, Veljko"]
[Black "Prijovic, Bojan"]
[Result "1-0"]
[WhiteElo "2274"]
[BlackElo "2005"]
[PlyCount "77"]
[EventDate "2012.05.05"]
[EventType "swiss"]
[EventRounds "9"]
[EventCountry "BIH"]
[SourceTitle "CBM 148 Extra"]
[Source "ChessBase"]
[SourceDate "2012.06.22"]
[SourceVersion "1"]
[SourceVersionDate "2012.06.22"]
[SourceQuality "1"]

1. e4 c6 2. d4 d5 3. Nc3 dxe4 4. Nxe4 Bf5 5. Ng3 Bg6 6. h4 h6 7. Nf3 Nd7 8. h5 Bh7 9. Bd3 Bxd3 10. Qxd3 e6 11. Bf4 Ngf6 12. 0-0-0 Nd5 13. Bd2 Qc7 14. c4 N5f6 15. Kb1 0-0-0 16. Bc3 Bd6 17. Ne4 Nxe4 18. Qxe4 Nf6 19. Qe2 Rhe8 20. Ne5 Kb8 21. f4 Ka8 22. g4 Ng8 23. Rhf1 c5 24. dxc5 Bxc5 25. Rf3 Rxd1+ 26. Qxd1 Rd8 27. Rd3 Rxd3 28. Qxd3 f6 29. Qh7 Qd8 30. Nd3 Bf8 31. Kc2 Ne7 32. Nc5 Qd6 33. b4 Nc6 34. Qg8 Nd8 35. Nd3 Qe7 36. b5 Qa3 37. Bb4 Qxa2+ 38. Nb2 a5 39. Bxf8 1-0

[Event "Sarajevo Bosna op-B 42nd"]
[Site "Sarajevo"]
[Date "2012.05.08"]
[Round "5"]
[White "Prijovic, Bojan"]
[Black "Strinic, Halid"]
[Result "1-0"]
[WhiteElo "2005"]
[BlackElo "2162"]
[PlyCount "43"]
[EventDate "2012.05.05"]
[EventType "swiss"]
[EventRounds "9"]
[EventCountry "BIH"]
[SourceTitle "CBM 148 Extra"]
[Source "ChessBase"]
[SourceDate "2012.06.22"]
[SourceVersion "1"]
[SourceVersionDate "2012.06.22"]
[SourceQuality "1"]

1. e4 e5 2. Nf3 Nc6 3. d4 exd4 4. Nxd4 Qh4 5. Be3 Qxe4 6. Nd2 Qg6 7. Bd3 Qxg2 8. Be4 Qh3 9. Nb5 Kd8 10. Bf4 d6 11. Qe2 Nf6 12. 0-0-0 a6 13. Nc3 Qh5 14. f3 Nxe4 15. Ndxe4 Ne5 16. Ng3 Qxf3 17. Qxe5 f6 18. Qd4 Bh3 19. Rhe1 Bd7 20. Nd5 c5 21. Qd2 g5 22. Qa5+ 1-0

[Event "Sarajevo Bosna op-B 42nd"]
[Site "Sarajevo"]
[Date "2012.05.05"]
[Round "1"]
[White "Prijovic, Bojan"]
[Black "Dimitrijevic, Aleksandra"]
[Result "0-1"]
[WhiteElo "2005"]
[BlackElo "2274"]
[PlyCount "78"]
[EventDate "2012.05.05"]
[EventType "swiss"]
[EventRounds "9"]
[EventCountry "BIH"]
[SourceTitle "CBM 148 Extra"]
[Source "ChessBase"]
[SourceDate "2012.06.22"]
[SourceVersion "1"]
[SourceVersionDate "2012.06.22"]
[SourceQuality "1"]

1. e4 d6 2. d4 Nf6 3. Bd3 Nbd7 4. Nf3 e5 5. c3 c6 6. 0-0 Be7 7. Bg5 0-0 8. Nbd2 Qc7 9. Qc2 Re8 10. Rfe1 Bf8 11. Nf1 a6 12. a4 b6 13. Ng3 h6 14. Be3 Rb8 15. Nf5 b5 16. axb5 axb5 17. h3 c5 18. d5 c4 19. Bf1 Nc5 20. Bxc5 Bxf5 21. Bb4 Bh7 22. Rad1 Ra8 23. Nh2 Qb6 24. g4 Ra2 25. Bg2 Rea8 26. Qb1 Nd7 27. Re3 Nc5 28. Ba3 R2xa3 29. bxa3 Rxa3 30. Bf1 Qa5 31. Rc1 Be7 32. Nf3 Bd8 33. Kg2 Bb6 34. Qb4 Bxe4 35. Qxa5 Bxa5 36. Kg3 Bxd5 37. Nxe5 dxe5 38. Rd1 Bc6 39. Rd6 Ne4+ 0-1

[Event "Belgrade Trophy 25th"]
[Site "Obrenovac"]
[Date "2011.12.01"]
[Round "8"]
[White "Prijovic, Bojan"]
[Black "Ratkovic, Milovan"]
[Result "1/2-1/2"]
[WhiteElo "1966"]
[BlackElo "2183"]
[PlyCount "109"]
[EventDate "2011.11.24"]
[EventType "swiss"]
[EventRounds "9"]
[EventCountry "YUG"]
[SourceTitle "CBM 145 Extra"]
[Source "ChessBase"]
[SourceDate "2012.01.03"]
[SourceVersion "1"]
[SourceVersionDate "2012.01.03"]
[SourceQuality "1"]

1. e4 c6 2. d4 d5 3. e5 Bf5 4. c3 e6 5. Bd3 Bxd3 6. Qxd3 Nd7 7. Ne2 Ne7 8. 0-0 c5 9. b3 Qb6 10. Be3 Nc6 11. f4 g6 12. Nd2 Be7 13. a3 cxd4 14. cxd4 a5 15. Rfc1 0-0 16. Nc3 Qa6 17. Qb5 Rfc8 18. Nf3 Ncb8 19. Kf2 Rc6 20. Qxa6 Nxa6 21. Nb5 Rac8 22. Rxc6 Rxc6 23. Rc1 Nb6 24. Nd6 Rxc1 25. Bxc1 Bxd6 26. exd6 Nd7 27. Bd2 b6 28. Ne5 Nab8 29. b4 axb4 30. Bxb4 f6 31. Nxd7 Nxd7 32. Ke2 Kf7 33. Kf3 e5 34. dxe5 fxe5 35. g3 Ke6 36. a4 e4+ 37. Ke3 Nb8 38. Bc3 Nd7 39. Be5 Nc5 40. g4 g5 41. Kd4 gxf4 42. Bxf4 Nxa4 43. d7 Kxd7 44. Kxd5 Nc3+ 45. Kd4 Ne2+ 46. Kxe4 Nxf4 47. Kxf4 Ke6 48. Ke4 Kf6 49. h4 Kg6 50. Kd5 Kf6 51. Kc6 Ke5 52. Kxb6 Kf4 53. h5 Kxg4 54. h6 Kg5 55. Kc5 1/2-1/2

[Event "SRB Central-ch op-A 4th"]
[Site "Paracin"]
[Date "2011.07.15"]
[Round "9"]
[White "Prijovic, Bojan"]
[Black "Tonic, Milos"]
[Result "1/2-1/2"]
[WhiteElo "1957"]
[BlackElo "2151"]
[PlyCount "40"]
[EventDate "2011.07.08"]
[EventType "swiss"]
[EventRounds "9"]
[EventCountry "SRB"]
[SourceTitle "CBM 143 Extra"]
[Source "ChessBase"]
[SourceDate "2011.08.29"]
[SourceVersion "1"]
[SourceVersionDate "2011.08.29"]
[SourceQuality "1"]

1. e4 Nf6 2. Nc3 d5 3. exd5 Nxd5 4. Nxd5 Qxd5 5. d4 Nc6 6. Be3 Bf5 7. c3 e5 8. dxe5 Qxe5 9. Nf3 Qe6 10. Qb3 Qxb3 11. axb3 a6 12. Nd4 Nxd4 13. Bxd4 0-0-0 14. Be2 c5 15. Be3 Be6 16. Bd1 Bd6 17. 0-0 Rhe8 18. Bc2 h6 19. h3 Re7 20. Rfd1 Red7 1/2-1/2

[Event "SRB Central-ch op-A 4th"]
[Site "Paracin"]
[Date "2011.07.13"]
[Round "7"]
[White "Prijovic, Bojan"]
[Black "Markovic, Sasa"]
[Result "1/2-1/2"]
[WhiteElo "1957"]
[BlackElo "2198"]
[PlyCount "41"]
[EventDate "2011.07.08"]
[EventType "swiss"]
[EventRounds "9"]
[EventCountry "SRB"]
[SourceTitle "CBM 143 Extra"]
[Source "ChessBase"]
[SourceDate "2011.08.29"]
[SourceVersion "1"]
[SourceVersionDate "2011.08.29"]
[SourceQuality "1"]

1. e4 c5 2. Nf3 Nc6 3. d4 cxd4 4. Nxd4 Nf6 5. Nc3 d6 6. Be2 g6 7. 0-0 Bg7 8. Be3 0-0 9. h3 a6 10. Nxc6 bxc6 11. Qd2 Re8 12. Rab1 Qc7 13. Bf3 Nd7 14. Bh6 Bh8 15. Be3 Bg7 16. Bh6 Bh8 17. Be3 Bg7 18. Rfe1 Ne5 19. Be2 Bb7 20. Bh6 Bh8 21. Be3 1/2-1/2